Grupos/cantantes que empiezan por la letra B - Estadísticas

Estadísticas generales
  • Esta prueba ha sido intentada 38 veces
  • La puntuación promedio es 7 de 11
Estadísticas de respuestas
Hint Respuesta % Correcto
Single Ladies Beyonce
88%
Oops... I did it again Britney Spears
88%
Bad guy Billie Eilish
74%
24k magic Bruno Mars
74%
Here comes the sun The Beatles
74%
It's my life Bon Jovi
71%
I want it that way Backstreet boys
68%
Stayin alive Bee Gees
56%
I gotta feeling Black Eyed Peas
50%
Woman don't cry Bob Marley
41%
Like a rollin stone Bob Dylan
26%
No se encontraron pruebas coincidentes
Distribución de puntuación
Porcentaje de gente con cada puntuación
Porcentaje por número respondido
Historial de tus puntuaciones
No has intentado esta prueba.